Pro Pilkki 2- pelissä olevat kalalajit - Statistics

Yleistilastot
  • Tätä visaa on pelattu 201 kertaa
  • Keskiarvotulos 18 / 32
Vastaustilastot
Lajit % Oikein
Ahven
98%
Hauki
98%
Särki
88%
Kuha
82%
Lohi
80%
Taimen
80%
Kiiski
75%
Kirjolohi
72%
Made
72%
Siika
70%
Lahna
67%
Silakka
66%
Muikku
59%
Salakka
59%
Säyne
54%
Harjus
52%
Pasuri
50%
Rautu
48%
Ruutana
48%
Suutari
45%
Sorva
41%
Toutain
41%
Harmaanieriä
38%
Miekkasärki
35%
Turpa
35%
Puronieriä
34%
Kolmipiikki
32%
Kuore
30%
Kivinilkka
27%
Seipi
27%
Sulkava
27%
Isosimppu
20%
Ehtoja vastaavia visoja ei löytynyt
Tulosjakauma
Jokaisen tuloksen saaneiden osuus
Persentiili vastausten määrän mukaan
Tuloshistoriasi
Et ole pelannut tätä visaa